[Event "17th Delhi GM Open 2019"]
[Site "Delhi"]
[Date "2019.01.14"]
[Round "8"]
[White "Pantsulaia, Levan"]
[Black "Harsha Bharathakoti"]
[Result "1-0"]
[WhiteElo "2597"]
[BlackElo "2481"]
[Annotator "TA"]
[PlyCount "75"]
[EventDate "2019.01.09"]
[EventType "swiss"]
[EventCountry "IND"]
[SourceTitle "playchess.com"]
[Source "ChessBase"]
[SourceQuality "1"]

{[%evp 25,75,45,65,54,62,68,62,67,65,57,66,52,97,75,99,77,77,77,75,42,52,48,93,85,134,137,128,110,147,137,168,187,197,111,106,104,97,100,209,212,396,122,118,132,256,271,280,283,370,361,29986,29987]} 1. c4 g6 2. Nc3 Bg7 3. g3 d6 4. Bg2 Nf6 5. Nf3 O-O 6. d4 Nbd7 7. O-O e5 8. h3 Re8 9. e4 exd4 10. Nxd4 Nc5 11. Re1 Bd7 12. Bf4 Qc8 13. Kh2 {E68: King's Indian: Fianchetto: 6...Nbd7 7 0-0 e5 8 e4} h6 {LiveBook: 9 Games} 14. f3 Ne6 15. Be3 {White is slightly better.} Ng5 {[%cal Rd7h3]} 16. h4 Ne6 17. Qd2 {[#]} Kh7 $146 ({Predecessor:} 17... h5 18. Nde2 a6 19. Nd5 Qd8 20. Rac1 c5 {½-½ (44) Kempinski,R (2577)-Matveeva,S (2502) Moscow 2004}) 18. Rac1 c6 19. b3 Qc7 20. Red1 Rad8 21. Nxe6 Bxe6 22. Bd4 (22. Nd5 $5 Nxd5 23. cxd5 $14) 22... Qb8 23. Ne2 c5 24. Bc3 b5 {[#]} 25. Qb2 $1 Nh5 26. cxb5 Bxc3 27. Nxc3 (27. Qxc3 $6 d5 $14) 27... d5 {[#]} 28. Qf2 $1 (28. exd5 $6 Qxg3+ 29. Kg1 Bf5 $14) 28... dxe4 29. Rxd8 ({Resist} 29. fxe4 $6 Rd4 $16) (29. Nxe4 $18 Bd5 30. Rxc5 Bxe4 31. Rxd8 Qxd8 32. fxe4) 29... Rxd8 $16 30. Nxe4 Qxb5 31. Qxc5 Qa6 (31... Qxc5 $16 32. Rxc5 (32. Nxc5 Rc8 $16) 32... f5) 32. g4 $18 Nf4 $2 (32... Ng7 33. Qc7 Qb6 34. Nf6+ Kh8) 33. Qe5 $2 (33. Qc7 $18 Nxg2 34. Qxd8) 33... Nd3 $16 34. Qf6 $36 {[%mdl 2048] White is really pushing.} Nxc1 (34... Qb6 $16 35. Rd1 Qc7+ 36. Kh1 Qc2 37. Qxd8 Qxd1+ 38. Kh2 Nf2 39. Nf6+ Kg7 40. Ne8+ Kf8) 35. Qxd8 $18 Qb6 36. Qd2 ({Weaker is} 36. Nf6+ Kg7 $14) 36... Qc7+ 37. Kh1 {aiming for Nf6+.} a5 $2 (37... Qc6 $18 38. h5 f5) 38. Nf6+ {Accuracy: White = 70%, Black = 35%.} 1-0

[Event "17th Delhi GM Open 2019"]
[Site "Delhi"]
[Date "2019.01.14"]
[Round "8"]
[White "Rozum, Ivan"]
[Black "Sharma, Dinesh K."]
[Result "1/2-1/2"]
[WhiteElo "2589"]
[BlackElo "2303"]
[Annotator "TA"]
[PlyCount "60"]
[EventDate "2019.01.09"]
[EventType "swiss"]
[EventCountry "IND"]
[SourceTitle "playchess.com"]
[Source "ChessBase"]
[SourceQuality "1"]

{[%evp 25,60,12,21,27,26,-20,32,0,2,0,0,-34,-32,-50,-54,-72,-31,-70,-53,-59,-57,-62,-62,-58,-72,-81,-64,-62,-67,-141,-126,-166,-157,-165,-174,-176,-137]} 1. Nf3 d5 2. d4 Nf6 3. c4 c6 4. e3 Bf5 5. Nc3 e6 6. Nh4 Be4 7. f3 Bg6 8. Qb3 Qc7 9. Bd2 {D12: Slav Defence: 3 Nf3 Nf6 4 e3 Bf5} Be7 10. cxd5 (10. O-O-O dxc4 11. Bxc4 a6 12. Be2 Nbd7 13. Nxg6 hxg6 14. Kb1 c5 15. d5 exd5 16. Nxd5 Nxd5 17. Qxd5 {0-1 (31) Karjakin,S (2773)-Caruana,F (2822) Saint Louis 2018}) 10... cxd5 11. Nxg6 hxg6 12. O-O-O Nc6 13. Kb1 a6 {LiveBook: 35 Games} 14. Rc1 Rc8 {[#]} 15. g3 $146 ({Predecessor:} 15. Bd3 Nd7 16. Ne2 b5 17. e4 Nb6 18. exd5 exd5 19. Ba5 Nxa5 20. Rxc7 Nxb3 {½-½ (20) Lysyj,I (2643)-Mamedov,R (2688) Moscow 2017}) 15... Kf8 (15... Nd7 $11) 16. Qd1 b5 17. Bd3 Nd7 {[%cal Bf6d7,Bd7b6,Bb6c4][%mdl 32]} 18. e4 Nb6 $1 19. exd5 exd5 20. f4 Qd7 21. Ka1 Nc4 ({Don't play} 21... Nxd4 $6 22. Be3 $16) 22. Be1 Bf6 23. Bf2 Nxd4 24. Bxd4 Bxd4 {[#]} 25. Bf5 $1 {[%mdl 512]} gxf5 (25... Qxf5 26. Qxd4) 26. Qxd4 Rh6 27. Rcd1 (27. b3 $15 Nb6 28. Ne2) 27... Rd6 $17 28. h4 Re8 {Black is clearly better.} 29. h5 Ne3 30. Rd2 Ng4 {Accuracy: White = 35%, Black = 78%.} 1/2-1/2

[Event "17th Delhi GM Open 2019"]
[Site "Delhi"]
[Date "2019.01.14"]
[Round "8"]
[White "Paichadze, Luka"]
[Black "Vignesh N R"]
[Result "1/2-1/2"]
[WhiteElo "2583"]
[BlackElo "2461"]
[Annotator "TA"]
[PlyCount "28"]
[EventDate "2019.01.09"]
[EventType "swiss"]
[EventCountry "IND"]
[SourceTitle "playchess.com"]
[Source "ChessBase"]
[SourceQuality "1"]

{[%evp 9,28,-98,-107,-99,-96,-117,-35,-99,-91,-105,-93,-100,-95,-66,-64,-56,-56,-54,-56,-46,-44]} 1. f4 d5 2. Nf3 Nc6 3. b3 Bg4 4. e3 e5 5. Be2 {[#]} (5. fxe5 Nxe5 6. Qe2 Qf6 7. Qb5+ Nc6 8. Nc3 Bxf3 9. gxf3 O-O-O 10. Qe2 d4 11. Ne4 Qg6 {0-1 (58) Dearnley,A (2378)-Bokar,J (2574) ICCF email 2010}) 5... exf4 $1 6. exf4 {A03: Bird's Opening with 1...d5} Qf6 7. c3 $146 ({Predecessor:} 7. Nc3 O-O-O 8. O-O h5 9. Ng5 Nh6 10. h3 Bxe2 11. Qxe2 d4 {0-1 (23) Popp,T (1098)-Foy,J (1192) IECG email 2001}) 7... O-O-O ({Black should try} 7... Bc5 $17 8. a4 Qe6) 8. O-O {[#]} (8. d4 $15) 8... Bc5+ $1 $17 ({But not} 8... Qxf4 $6 9. d4 $11) 9. Kh1 Nh6 10. Ne5 Bxe2 ({Not} 10... Nxe5 11. fxe5 Bxe2 12. Qxe2 $14 (12. exf6 Bxd1 13. fxg7 Rhe8 $15)) 11. Qxe2 Nf5 {( -> ...Ng3+!). Black is slightly better.} 12. g4 $1 {[%cal Rg4f5]} Nfe7 13. d4 Bd6 14. Nd2 h5 1/2-1/2

[Event "17th Delhi GM Open 2019"]
[Site "Delhi"]
[Date "2019.01.14"]
[Round "8"]
[White "Gupta, Abhijeet"]
[Black "Das, Sayantan"]
[Result "1-0"]
[WhiteElo "2581"]
[BlackElo "2451"]
[Annotator "TA"]
[PlyCount "99"]
[EventDate "2019.01.09"]
[EventType "swiss"]
[EventCountry "IND"]
[SourceTitle "playchess.com"]
[Source "ChessBase"]
[SourceQuality "1"]

{[%evp 20,99,16,20,36,29,33,7,31,25,31,19,33,0,0,-32,27,10,12,9,13,8,25,25,29,16,44,46,82,73,101,81,87,0,0,0,0,0,72,65,56,21,28,27,93,95,110,110,110,110,112,99,97,0,159,156,247,231,527,509,676,606,670,670,656,635,634,635,1148,632,972,963,886,881,7104,7104,6565,6289,6817,6515,29980,29981]} 1. d4 Nf6 2. c4 g6 3. Nc3 Bg7 4. e4 d6 5. f3 O-O 6. Nge2 a6 7. Be3 Nbd7 {E81: King's Indian: Sämisch: 6th move deviations (including 6 Be3 c6)} (7... b5 8. cxb5 axb5 9. Nxb5 Nbd7 10. Qd2 c6 11. Nbc3 e5 12. O-O-O Qa5 13. Bh6 Nb6 14. Bxg7 Kxg7 15. dxe5 dxe5 {0-1 (34) Duda,J (2737)-Grischuk,A (2766) chess.com INT 2018}) 8. Qd2 b5 9. Bh6 Bxh6 $146 ({Predecessor:} 9... b4 10. Nd1 e5 11. h4 exd4 12. Nxd4 Ne5 13. Bxg7 Kxg7 14. Ne3 h5 15. O-O-O {1-0 (60) Ratkovic,M (2409)-Cabarkapa,N (2445) Zrenjanin 2018}) 10. Qxh6 c5 11. h4 {LiveBook: 15 Games} e5 12. d5 Nb6 13. Ng3 {[%cal Be2g3,Bg3f1,Bf1e3,Be3c4][%mdl 32]} Nxc4 14. Bxc4 bxc4 15. h5 Ra7 16. O-O-O {[%mdl 1024] White has compensation.} Ne8 {[%cal Bf6e8,Be8c7,Bc7b5][%mdl 32]} 17. Qd2 (17. Nf1 {is interesting.} g5 18. Ne3 f5 19. exf5 Bxf5 20. Nxc4 Rg7 21. Ne4) 17... Qf6 ({Black should play} 17... Nc7 $15) 18. Nf1 $11 Nc7 19. Ne3 Nb5 20. Rdf1 Bd7 21. g3 Rb8 22. Rf2 Rab7 23. Nxc4 Nxc3 24. Qxc3 Rb4 25. hxg6 fxg6 26. f4 ({Better is} 26. b3 $16) 26... Bb5 27. Nd2 Rd4 28. Rfh2 {Hoping for fxe5.} Rd3 (28... h5 $11) 29. Qa5 $16 h5 $1 {[#]} ({Not} 29... Rb7 $2 30. a4 $18) 30. f5 $1 {[%mdl 512] aiming for fxg6.} Rxg3 (30... gxf5 31. Rxh5) 31. fxg6 Qxg6 (31... Qd8 $1 $11 32. Qxd8+ Rxd8) 32. Qc7 Rf8 {...Bd3 is the strong threat.} 33. Rxh5 {[%csl Gh1][%cal Rh5h8]} Rg1+ 34. Rxg1 Qxg1+ 35. Kc2 {[%csl Gh5][%cal Rc7h7]} Qg6 36. Rh2 $40 {[%mdl 128] White has some attack.} (36. Rh3 $16) 36... Be8 $2 {[#]} (36... Bd3+ $11 37. Kxd3 Qg3+ 38. Kc2 Qxh2 39. Qxd6 Rf2 40. Qd8+ Kg7 41. Qg5+ Kf7) 37. b3 $1 Rf4 (37... Bf7 $16) 38. Kb2 $18 Rg4 $2 (38... Rf6 {might work better.} 39. Qd8 Qf7 40. Rg2+ Kh7) 39. Qe7 a5 40. Nc4 {[%mdl 64] Double Attack} Rg2+ 41. Rxg2 Qxg2+ 42. Ka3 Bg6 43. Nxd6 Qg1 44. Qxe5 Qc1+ 45. Ka4 Qd2 46. a3 Qd4+ 47. Qxd4 cxd4 48. Kxa5 d3 49. Nc4 Bxe4 50. d6 {Accuracy: White = 73%, Black = 24%.} 1-0

[Event "17th Delhi GM Open 2019"]
[Site "Delhi"]
[Date "2019.01.14"]
[Round "8"]
[White "Narayanan.S.L"]
[Black "Girish, A. Koushik"]
[Result "1-0"]
[WhiteElo "2575"]
[BlackElo "2411"]
[Annotator "TA"]
[PlyCount "135"]
[EventDate "2019.01.09"]
[EventType "swiss"]
[EventCountry "IND"]
[SourceTitle "playchess.com"]
[Source "ChessBase"]
[SourceQuality "1"]

{[%evp 20,135,27,34,54,41,73,55,57,45,52,71,43,45,71,29,34,-8,-12,-94,91,86,93,89,93,83,93,85,94,86,97,85,66,81,94,81,81,66,124,105,96,106,70,6,6,0,0,0,0,0,0,0,0,0,0,0,0,0,75,0,47,44,43,8,61,68,239,250,251,251,252,245,236,169,195,195,195,195,199,198,198,190,173,171,196,203,203,197,245,217,380,376,395,386,371,364,317,304,420,380,591,570,1637,1576,1483,1333,1949,1841,1727,1666,29982,29983,29987,29988,29988,29989,29988,29989]} 1. e4 e5 2. Nf3 Nc6 3. Bb5 a6 4. Ba4 d6 5. O-O Bd7 6. c3 g6 7. d4 Bg7 8. Re1 Nf6 9. h3 O-O 10. Nbd2 Re8 {C60: Ruy Lopez: Unusual Black 3rd moves and 3...g6} 11. Bc2 {LiveBook: 20 Games} b6 12. Nf1 Qe7 $146 {White is slightly better.} ({Predecessor:} 12... h6 13. Ng3 Qe7 14. Be3 Qf8 15. Qd2 Rad8 16. Rad1 Na7 {0-1 (42) Hou,Y (2652)-Caruana,F (2802) chess.com INT 2017}) 13. Ng3 Qf8 14. Bg5 h6 15. Be3 Rad8 16. Qe2 a5 17. dxe5 Nxe5 18. Nd4 d5 $1 19. f4 (19. Nb5 $11 Rc8 20. Na7) 19... Nc4 $2 (19... Nxe4 $1 $17 {and life is bright.} 20. Bxe4 (20. Nxe4 Nc4 $17) 20... Nc4) 20. e5 $16 c5 21. Nf3 Nxe3 22. Qxe3 d4 23. cxd4 Nd5 24. Qd2 cxd4 25. Bb3 (25. Qxd4 $6 Nxf4 26. Qxb6 Rb8 $11) 25... Be6 26. Ba4 Bd7 27. Bxd7 (27. Qxd4 $6 Bxa4 28. Qxa4 Qc5+ 29. Kh2 b5 $15) 27... Rxd7 28. Re4 (28. Nxd4 $6 Qb4 $11) 28... Nb4 ({Better is} 28... Nc7 $1 $14) 29. f5 (29. Nxd4 f5 $11) 29... d3 {[#]} 30. Kh1 $1 Qc5 31. a3 (31. Rc1 $14 Nc2 32. f6) 31... Nc6 $1 $11 {[%cal Rc6e5]} 32. f6 Bf8 {[%cal Rc6e5]} 33. Rc1 Qd5 {[%cal Rc6e5]} 34. Qe3 Re6 35. Rd1 Qc5 36. Qf4 Rd5 {[%cal Rc6e5]} 37. Nf1 $1 {[%cal Bg3f1,Bf1e3,Be3d5][%mdl 32]} Nxe5 38. Ne3 $1 {[%cal Re3d5]} Nxf3 (38... g5 $11 {remains equal.} 39. Qg3 Nc4 40. Nxd5 Rxe4 41. Nxg5 hxg5 42. Qxg5+ Kh8) 39. Rxe6 (39. Nxd5 $16 Qxd5 40. Rxe6 (40. gxf3 Rxe4 41. Qxe4 Qd7 $11) 40... Qxe6 41. Qxf3) 39... Re5 40. Rxe5 Nxe5 41. Qe4 Qd6 (41... h5 $11) 42. Nd5 $14 Nd7 $2 ({Black should play} 42... h5 $14) 43. Ne7+ $18 ({But not} 43. Rxd3 $6 Nxf6 44. Qf4 Nxd5 $16) 43... Kh7 44. Qxd3 Qxd3 45. Rxd3 Nxf6 {[%mdl 4096] Endgame KRN-KBN} 46. Nc6 Kg7 47. b4 axb4 48. axb4 Ne4 {And now ...Nf2+ would win.} 49. Rd7 Nd6 50. Rd8 Nc4 {[#]} 51. Kg1 $1 h5 52. Kf2 Bd6 53. Ke2 Bg3 54. Rd7 Ne5 $2 (54... Nd6 {was necessary.} 55. Ra7 h4) 55. Nxe5 Bxe5 {KR-KB} 56. Kd3 Bh2 57. Kc4 Bg1 58. Kd5 h4 59. Ke5 Bf2 (59... Bh2+ $142 60. Ke4 Bg1) 60. Rb7 Bg3+ 61. Kd5 Bf2 62. b5 {[%cal Bb4b5,Bb5b6,Bb6b7][%mdl 32]} g5 63. Kc6 Kg6 64. Rxb6 Bxb6 65. Kxb6 {White mates.} f5 66. Kc5 g4 67. b6 f4 68. b7 {Precision: White = 75%, Black = 46%.} 1-0

[Event "17th Delhi GM Open 2019"]
[Site "Delhi"]
[Date "2019.01.14"]
[Round "8"]
[White "Ghosh, Diptayan"]
[Black "Debashis, Das"]
[Result "1/2-1/2"]
[WhiteElo "2544"]
[BlackElo "2538"]
[Annotator "TA"]
[PlyCount "34"]
[EventDate "2019.01.09"]
[EventType "swiss"]
[EventCountry "IND"]
[SourceTitle "playchess.com"]
[Source "ChessBase"]
[SourceQuality "1"]

{[%evp 12,20,30,26,34,29,36,34,17,23,37]} 1. c4 Nf6 2. Nc3 e6 {[%cal Be7e6,Be6d5][%mdl 32]} 3. e4 d5 4. cxd5 exd5 5. e5 Ne4 6. Nf3 Nxc3 7. dxc3 {LiveBook: 3 Games. A18: English Opening: Flohr-Mikenas System (1 c4 Nf6 2 Nc3 e6 3 e4)} (7. bxc3 Be7 8. d4 c5 9. Be2 Nc6 10. O-O O-O 11. dxc5 Bxc5 12. Bg5 Qa5 13. Qc2 Bg4 14. Bf4 h6 {½-½ (52) Gelfand,B (2697)-Esipenko,A (2564) Moscow 2017}) 7... Be7 8. Bd3 c5 9. O-O Nc6 10. Re1 Be6 {Predecessor:} 11. Qe2 $146 h6 12. Be3 Qc7 13. b4 cxb4 14. cxb4 Bxb4 15. Rec1 Ba3 16. Rc3 Bb4 17. Rcc1 Ba3 {½-½ (17) Baumegger,S (2440)-Gonda,L (2509) Olbia 2008} 1/2-1/2

[Event "17th Delhi GM Open 2019"]
[Site "Delhi"]
[Date "2019.01.14"]
[Round "8"]
[White "Stupak, Kirill"]
[Black "Erigaisi Arjun"]
[Result "1/2-1/2"]
[WhiteElo "2542"]
[BlackElo "2548"]
[Annotator "TA"]
[PlyCount "155"]
[EventDate "2019.01.09"]
[EventType "swiss"]
[EventCountry "IND"]
[SourceTitle "playchess.com"]
[Source "ChessBase"]
[SourceQuality "1"]

{[%evp 19,155,0,10,-23,-23,-23,-27,-20,-25,-20,-25,-42,0,0,0,0,8,6,25,0,6,10,20,0,0,-21,-20,-16,-19,-51,0,0,0,0,43,-8,-11,-22,1,-3,0,0,0,-15,0,0,0,0,0,0,56,67,55,54,114,116,135,130,130,141,143,127,133,134,144,150,136,154,141,129,137,58,90,79,152,142,158,78,151,117,117,121,100,12,11,0,13,13,13,0,0,0,13,13,13,13,13,20,220,209,220,220,216,0,0,1,1,0,1,0,0,0,0,0,0,0,0,-147,-137,-150,-141,-126,0,0,0,0,0,0,0,0,0,0,0,0,0,0,0,0]} 1. c4 c6 2. Nf3 d5 3. g3 Nf6 4. Bg2 Bf5 5. O-O e6 6. d4 h6 7. Nc3 Nbd7 8. Qb3 Qb6 9. c5 Qa6 {D11: Slav Defence: 3 Nf3 sidelines and 3...Nf6 4 e3 Bg4} (9... Qc7 10. Bf4 Qc8 11. Nd2 g5 12. Bd6 Bxd6 13. cxd6 O-O 14. f3 c5 15. e4 Bg6 16. Rac1 Qc6 17. e5 {1-0 (34) Stupak,K (2588)-Rodshtein,M (2699) Katowice 2017}) 10. Bf4 Be7 {LiveBook: 4 Games} 11. Rfe1 b6 {Black has an edge.} 12. cxb6 axb6 13. Ne5 Nxe5 14. Bxe5 O-O 15. a3 {[#]} Bh7 $146 ({Predecessor:} 15... Bg6 16. e4 Rac8 17. Rac1 dxe4 18. Nxe4 {½-½ (30) Chernyshov,K (2485)-Svane,R (2573) Zalakaros 2017}) 16. e4 Rac8 17. exd5 cxd5 18. Bf1 Qa5 19. f3 Nd7 20. Bf4 Bf6 21. Be3 Nb8 22. Rac1 Nc6 23. Nb5 Ne7 24. Nd6 Rb8 (24... Bc2 $15 25. Qa2 Ra8) 25. Red1 $11 Rfd8 26. Nb5 $1 Nf5 27. Bf2 (27. Bf4 $14) 27... Rbc8 28. Bd3 h5 29. Rc2 Bg6 30. Rdc1 Rxc2 31. Qxc2 Bg5 32. f4 Bf6 33. Qc3 Qa8 34. Qc2 Ne7 (34... Qa6 $11) 35. Bxg6 $14 Nxg6 36. Nc7 $1 {[%cal Rc7a8]} Qa7 {[#]} (36... Qc8 $14) 37. Nxe6 $1 $16 {[%mdl 512]} Re8 (37... fxe6 38. Qxg6) 38. Ng5 $1 Bxg5 39. fxg5 Qd7 40. Qc6 Qd8 41. h4 Re2 42. Qc8 Qxc8 43. Rxc8+ {[%mdl 4096] Endgame KRB-KRN} Kh7 44. b4 Ra2 45. Rb8 (45. Rc7 $16) 45... Rxa3 46. Rxb6 Rb3 (46... Ne7 $142) 47. Rb7 Kg8 48. b5 (48. Kg2 $142) 48... Nf8 ({Black should try} 48... f6) 49. Rb8 g6 50. Kg2 Kg7 51. g4 (51. Kf1 $16) 51... Rb2 $1 $11 52. Kf1 Rb3 53. gxh5 gxh5 54. Kg2 Rb2 $1 55. Kf1 Rb3 56. Be1 Ne6 57. b6 {b7 is the strong threat.} Nxd4 58. b7 {Hoping for Rd8.} Nf3 $2 (58... Nf5 $11) 59. Bg3 $18 Rb2 {intending ...d4.} 60. Bd6 $1 Kh7 {[#]} 61. Be7 $2 (61. g6+ $1 $18 fxg6 62. Rf8) 61... Rb1+ 62. Ke2 Nxh4 63. Kd3 Rb5 64. Bd6 Ng6 65. Kd4 h4 {[%cal Bh5h4,Bh4h3][%mdl 32]} 66. Kd3 h3 67. Kd4 Nh4 {And now ...Nf5+ would win.} 68. Kd3 (68. Kc3 $1 $11) 68... Nf3 $17 {Threatens to win with ...h2.} 69. g6+ fxg6 {White must now prevent ...h2.} 70. Rf8 {[#]} Rb3+ ({Don't play} 70... Rxb7 $6 71. Rxf3 Rb3+ 72. Ke2 $11) (70... h2 $1 $17 {[%cal Rh2h1]} 71. Bxh2 Rxb7 72. Rxf3 Rb3+ 73. Ke2 Rb2+ 74. Ke3 Rxh2 75. Rf7+ Kg8) 71. Ke2 $11 {The position is equal.} Nd4+ 72. Kf2 Rb2+ (72... Rxb7 $5 73. Be5 $8 g5 74. Bxd4 Kg6 $11) 73. Kf1 Nc6 (73... Rxb7 $5 74. Be5 $8 g5 75. Bxd4 Kg6 $11) 74. Rc8 Rxb7 {aiming for ...Nd4.} 75. Rxc6 g5 76. Rc5 Rb1+ 77. Kf2 Rb2+ 78. Kf3 {Accuracy: White = 67%, Black = 51%.} 1/2-1/2

[Event "17th Delhi GM Open 2019"]
[Site "Delhi"]
[Date "2019.01.14"]
[Round "8"]
[White "Mosadeghpour, Masoud"]
[Black "Tran, Tuan Minh"]
[Result "1-0"]
[WhiteElo "2517"]
[BlackElo "2541"]
[Annotator "TA"]
[PlyCount "65"]
[EventDate "2019.01.09"]
[EventType "swiss"]
[EventCountry "IND"]
[SourceTitle "playchess.com"]
[Source "ChessBase"]
[SourceQuality "1"]

{[%evp 15,65,18,16,-15,14,0,0,0,0,0,0,0,0,0,0,-50,-11,-67,0,0,0,0,0,-4,34,16,19,0,38,0,0,-31,174,172,177,175,329,327,309,328,313,313,330,345,373,323,364,356,368,375,488,472]} 1. e4 c5 2. Nf3 d6 3. d4 cxd4 4. Nxd4 Nf6 5. Nc3 a6 6. Bg5 e6 7. Qf3 Be7 8. O-O-O Nbd7 {LiveBook: 51 Games} 9. Bd3 {B95: Sicilian Najdorf: 6 Bg5 e6, unusual White 7th moves} (9. g4 Qc7 10. Bd2 h6 11. a3 g6 12. Be2 e5 13. Nb3 Nb6 14. Qg2 Be6 15. f4 O-O-O 16. f5 gxf5 17. gxf5 {½-½ (31) Wilczek,T (2597)-Roubaud,D (2575) ICCF email 2012}) 9... Qb6 $146 ({Predecessor:} 9... Qc7 10. h4 Ne5 11. Qg3 b5 12. f4 Nxd3+ 13. Qxd3 Bb7 14. a3 Rc8 15. Rd2 O-O 16. Re1 Rfd8 {½-½ (53) Matjasic,M (1643)-Topic,J (1913) Slovenia 2017}) 10. Nb3 Qc7 11. Qg3 {The position is equal.} b5 12. a3 Rb8 13. Rhe1 b4 14. axb4 Rxb4 15. Bf1 O-O 16. Rd4 (16. Bh6 $11 Nh5 17. Qf3) 16... Rb6 (16... a5 $15) 17. Rc4 Qb8 18. Be3 Ne5 {[%cal Bd7e5,Be5g6,Bg6h4,Bh4f3,Bf3e1][%mdl 32]} 19. Ra4 $40 {[%mdl 128] Black needs to defend precisely.} Rc6 20. f4 Ng6 21. Qf3 Bb7 {White should prevent ...Rxc3!} 22. Na5 (22. g3 $14) 22... Rxc3 $15 23. bxc3 {[#] Threatens to win with Rb4.} Bxe4 $2 (23... Qe8 $15 {keeps the upper hand.} 24. Ra1 Bxe4) 24. Rxe4 $18 Nh4 25. Rb4 Qd8 $2 (25... Nxf3 {was necessary.} 26. Rxb8 Nxe1 27. Rxf8+ Kxf8) 26. Nc6 Nxf3 27. Nxd8 Nxe1 28. Nc6 Bd8 29. Bd2 Nd5 30. Ra4 ({Weaker is} 30. Bxe1 Nxb4 31. cxb4 Bb6 $18) 30... Bh4 31. g3 {[%cal Bg2g3,Bg3h4][%mdl 32]} ({Resist} 31. Rxa6 g5 $18) 31... Nf3 32. gxh4 Rc8 33. Bg2 {Accuracy: White = 50%, Black = 44%.} 1-0

[Event "17th Delhi GM Open 2019"]
[Site "Delhi"]
[Date "2019.01.14"]
[Round "8"]
[White "Movsziszian, Karen"]
[Black "Popov, Ivan"]
[Result "1/2-1/2"]
[WhiteElo "2514"]
[BlackElo "2588"]
[Annotator "TA"]
[PlyCount "62"]
[EventDate "2019.01.09"]
[EventType "swiss"]
[EventCountry "IND"]
[SourceTitle "playchess.com"]
[Source "ChessBase"]
[SourceQuality "1"]

{[%evp 10,62,-25,-11,5,-10,0,-33,-18,-52,-10,-85,-78,-74,-48,-53,-61,-66,-7,-24,-10,-11,-9,-60,-12,-10,0,-8,0,-74,-25,-44,30,35,37,31,45,23,16,19,39,0,0,0,0,0,9,10,12,0,0,0,14,0,0]} 1. g3 d5 2. Bg2 Nf6 3. d3 c5 4. Nd2 Nc6 5. e4 e6 6. Ne2 {LiveBook: 15 Games} b6 {C00: French: Unusual White 2nd moves} (6... Be7 7. O-O O-O 8. b3 b6 9. Bb2 Bb7 10. a4 Qc7 11. exd5 Nxd5 12. Nc4 Rad8 13. a5 b5 14. a6 Bc8 15. Nd2 Bf6 {0-1 (35) Plenkovic,Z (2418)-Tica,S (2442) Biograd 2018}) 7. O-O Bb7 8. h3 Be7 {Black is slightly better.} 9. f4 O-O 10. g4 (10. e5 $11 {keeps the balance.} Ne8 11. b3) 10... dxe4 $17 11. dxe4 b5 $146 ({Predecessor:} 11... Qc7 12. Ng3 Rad8 13. g5 Ne8 14. h4 f6 15. Qg4 Nd4 16. Rb1 Nxc2 {½-½ (40) Darwisch,K (2078)-Mazarov,J (2075) Germany 2017}) 12. e5 Nd5 {[#] aiming for ...Ne3.} 13. Ne4 c4 (13... Qb6 $15 14. N2c3 Rad8 15. Nxd5 exd5) 14. c3 $11 Qb6+ 15. Kh2 Rad8 {Threatens to win with ...Nxc3!} 16. Qc2 (16. Qe1 $11) 16... Ne3 17. Bxe3 $1 Qxe3 18. N2g3 Qb6 19. Rf3 (19. Rad1 $11) 19... b4 20. g5 Rd3 (20... Rd7 $15) 21. Rxd3 cxd3 22. Qxd3 Rd8 23. Qc2 bxc3 24. bxc3 Na5 25. Rd1 (25. Rb1 {with more complications.} Qe3 26. Qf2 Bc5 27. Qf1 Bxe4 28. Nxe4 Bb6 29. Re1) 25... Rxd1 {The position is equal.} 26. Qxd1 Bd5 27. Qa4 {[#] Hoping for Qe8+.} Bc6 $132 {[%mdl 2048] Black puts up resistance} 28. Qd4 Bd5 29. Qa4 Bc6 30. Qd4 Bd5 31. Qa4 {And now Qe8+ would win.} Bc6 {Accuracy: White = 40%, Black = 33%.} 1/2-1/2

[Event "17th Delhi GM Open 2019"]
[Site "Delhi"]
[Date "2019.01.14"]
[Round "8"]
[White "Swapnil, S. Dhopade"]
[Black "Gusain, Himal"]
[Result "1-0"]
[WhiteElo "2487"]
[BlackElo "2371"]
[Annotator "TA"]
[PlyCount "67"]
[EventDate "2019.01.09"]
[EventType "swiss"]
[EventCountry "IND"]
[SourceTitle "playchess.com"]
[Source "ChessBase"]
[SourceQuality "1"]

{[%evp 31,67,12,16,16,29,12,20,20,20,20,20,20,20,20,32,23,38,36,32,0,37,0,82,81,143,133,155,148,177,180,183,199,198,199,196,202,452,483]} 1. Nf3 c5 2. c4 Nc6 3. Nc3 e6 4. g3 b6 5. Bg2 Bb7 6. O-O Nf6 7. b3 Be7 8. Bb2 O-O 9. d4 Nxd4 10. Nxd4 Bxg2 11. Kxg2 cxd4 12. Qxd4 Qc7 13. e4 d6 14. f3 {A30: Symmetrical English: Double Fianchetto and Hedgehog} Rfd8 15. Rfd1 {[%cal Bf1d1,Bd1d2,Bd2e2][%mdl 32]} a6 (15... Qb7 16. Rd2 h6 17. Rad1 a6 18. Qd3 b5 19. cxb5 axb5 20. Qxb5 Qxb5 21. Nxb5 Rxa2 22. Bxf6 Rxd2+ 23. Rxd2 Bxf6 24. Nxd6 {½-½ (70) Staniszewski,P (2402)-Sulskis,S (2537) Grodzisk Mazowiecki 2007}) 16. Rac1 Qb7 {LiveBook: 3 Games} 17. a4 Rac8 18. Rd2 Bf8 19. Rcd1 Nd7 {White should prevent ...Nc5.} 20. Qd3 Nc5 21. Qc2 Qc7 $146 ({Predecessor:} 21... Qb8 22. Re2 Be7 23. Bc1 Qb7 24. Bf4 Qc6 25. Red2 Nb7 26. Be3 Qc7 27. Qb2 Nc5 28. Bd4 Bf8 {½-½ (28) Jakobsen,O (2410)-Pedersen,E (2315) Odense 1980}) 22. h4 {[%cal Bh2h4,Bh4h5][%mdl 32]} Qe7 23. Re2 g6 24. Rh1 Bg7 25. h5 Nd7 26. Qd2 f6 (26... Nc5 $11) 27. Qd1 Qf8 ({Black should play} 27... Nc5) 28. hxg6 hxg6 29. f4 f5 30. exf5 Qxf5 {[#]} 31. Ne4 $1 {[%cal Re4d6]} ({Resist} 31. Qxd6 $6 Nc5 $11) 31... Bxb2 32. Nxd6 {[%mdl 64] Double Attack} Qc5 {Threatens to win with ...Qc6+.} 33. Nxc8 Qc6+ $2 (33... Bf6) 34. Qd5 {Accuracy: White = 72%, Black = 30%.} 1-0